Design of steel structures (Record no. 5553)

MARC details
000 -LEADER
fixed length control field 00316nam a2200121Ia 4500
008 - FIXED-LENGTH DATA ELEMENTS--GENERAL INFORMATION
fixed length control field 150201s2012 xx 000 0 und d
082 ## - DEWEY DECIMAL CLASSIFICATION NUMBER
Classification number 624.1821
Item number SUB
100 ## - MAIN ENTRY--PERSONAL NAME
Personal name Subramanian, N.
245 ## - TITLE STATEMENT
Title Design of steel structures
260 ## - PUBLICATION, DISTRIBUTION, ETC. (IMPRINT)
Name of publisher, distributor, etc. Oxford University Press
Place of publication, distribution, etc. N.Delhi
Date of publication, distribution, etc. 2012
300 ## - PHYSICAL DESCRIPTION
Extent 1211p.
942 ## - ADDED ENTRY ELEMENTS (KOHA)
Source of classification or shelving scheme Dewey Decimal Classification
Koha item type Books
Koha issues (borrowed), all copies 6
Holdings
Withdrawn status Lost status Source of classification or shelving scheme Damaged status Not for loan Home library Current library Date acquired SGTU Total Checkouts Total Renewals Full call number Barcode Date last seen Date last checked out Bill Date Koha item type
    Dewey Decimal Classification     SGT Engineering Library SGT Engineering Library 31/05/2013 SGTU 5 1 624.1821 SUB FE5841 02/06/2025 04/04/2025 09/02/2015 Books
    Dewey Decimal Classification     SGT Engineering Library SGT Engineering Library 31/05/2013 SGTU 4 1 624.1821 SUB FE5842 11/02/2025 11/02/2025 09/02/2015 Books
    Dewey Decimal Classification     SGT Engineering Library SGT Engineering Library 31/05/2013 SGTU 3 1 624.1821 SUB FE5843 30/04/2026 29/04/2026 09/02/2015 Books
    Dewey Decimal Classification     SGT Engineering Library SGT Engineering Library 31/05/2013 SGTU 8   624.1821 SUB FE5844 28/09/2023 20/09/2023 09/02/2015 Books
    Dewey Decimal Classification     SGT Engineering Library SGT Engineering Library 31/05/2013 SGTU 3 2 624.1821 SUB FE5845 17/12/2018 20/08/2018 09/02/2015 Books